Logo BPK

Biblioteka

Politechniki Koszalińskiej

Poetry of mourning : (Rekord nr 37623)

Szczegóły MARC
000 -ETYKIETA REKORDU
podpole kontrolne o stałej długości 00782nam a2200241 i 4500
001 - NUMER KONTROLNY REKORDU
pole kontrolne bg
020 ## - MIĘDZYNARODOWY ZNORMALIZOWANY NUMER KSIĄŻKI - ISBN
ISBN 0226703401
040 ## - ŹRÓDŁO KATALOGOWANIA
Instytucja, która utworzyła rekord BPK
041 0# - KOD JĘZYKA
Kod języka tekstu en
080 ## - UNIWERSALNA KLASYFIKACJA DZIESIĘTNA - UKD
UKD 821.111+821.111(73)](091)-143
920 ## - Międzynarodowy znormalizowany numer książki – ISBN
ISBN 0-226-70340-1
008 - POLE O STAŁEJ DŁUGOŚCI - DANE KONTROLNE
podpole kontrolne o stałej długości s pl f |000 0 pol
100 1# - NAZWA OSOBOWA
Nazwa osobowa RAMAZANI, Jahan
Daty związane z nazwą (1960- )
245 10 - TYTUŁ/ODPOWIEDZIALNOŚĆ
Tytuł Poetry of mourning :
Ciąg dalszy tytułu the modern elegy from Hardy to Heaney /
Pozostałe elementy strefy tytułu i oznaczenia odpowiedzialności Jahan Ramazani.
260 ## - STREFA ADRESU WYDAWNICZEGO
Miejsce wydania Chicaco ;
-- London :
Nazwa wydawcy/dystrybutora The University of Chicago Press,
Data publikacji, dystrybucji/powstania dokumentu cop.1994.
300 ## - STREFA OPISU FIZYCZNEGO
Objętość XVI, 419 s. ;
Rozmiary 24 cm.
504 ## - UWAGA DOTYCZĄCA BIBLIOGRAFII
Informacje o bibliografii Bibliogr. - Indeks.
650 #9 - HASŁO PRZEDMIOTOWE W FORMIE NAZWY OGÓLNEJ LUB JEDNOSTKOWEJ
Nazwa ogólna lub geograficzna Poezja angielska
Określnik ogólny historia
Określnik chronologiczny 20 w.
650 #9 - HASŁO PRZEDMIOTOWE W FORMIE NAZWY OGÓLNEJ LUB JEDNOSTKOWEJ
Nazwa ogólna lub geograficzna Elegia angielska
Określnik ogólny historia
Określnik chronologiczny 20 w.
650 #9 - HASŁO PRZEDMIOTOWE W FORMIE NAZWY OGÓLNEJ LUB JEDNOSTKOWEJ
Nazwa ogólna lub geograficzna Poezja amerykańska
Określnik ogólny historia
Określnik chronologiczny 20 w.
650 #9 - HASŁO PRZEDMIOTOWE W FORMIE NAZWY OGÓLNEJ LUB JEDNOSTKOWEJ
Nazwa ogólna lub geograficzna Elegia amerykańska
Określnik ogólny historia
Określnik chronologiczny 20 w.
856 ## - LOKALIZACJA I DOSTĘP DO ELEKTRONICZNYCH DOKUMENTÓW ZDALNYCH
Link (URL) http://koha.tu.koszalin.pl/cgi-bin/koha/opac-detail.pl?biblionumber=37623
Tekst linku Katalog online BPK
942 ## - DODATKOWE ELEMENTY (KOHA)
Typ dokumentu Książka
Egzemplarze
Wycofany Status egzemplarza Uszkodzony Dostępność Lokalizacja stała Lokalizacja bieżąca Miejsce przechowywania Sygnatura Kod kreskowy Ostatnio wypożyczono Typ dokumentu
      Tylko na miejscu Biblioteka Politechniki Koszalińskiej Biblioteka Politechniki Koszalińskiej Czytelnia Wydziałowa ul. Kwiatkowskiego 6e 54006 01491425 15.01.2019 Książka
© 2023 Biblioteka Politechniki Koszalińskiej :: KOHA